Bridge rail design : (Record no. 547206)

000 -LEADER
fixed length control field 00817cam a2200193 i 4500
020 ## - INTERNATIONAL STANDARD BOOK NUMBER
International Standard Book Number 0309022096 :
082 00 - DEWEY DECIMAL CLASSIFICATION NUMBER
Classification number 624.25
-- BRI
Author Mark D
245 00 - TITLE STATEMENT
Title Bridge rail design :
Remainder of title factors, trends, and guidelines /
Statement of responsibility, etc. Robert M. Olson ... [et al.].
260 ## - PUBLICATION, DISTRIBUTION, ETC.
Place of publication, distribution, etc. Washington :
Name of publisher, distributor, etc. Transportation Research Board, National Research Council,
Date of publication, distribution, etc. 1974.
300 ## - PHYSICAL DESCRIPTION
Extent 49 p. :
Other physical details ill. ;
Dimensions 28 cm.
490 1# - SERIES STATEMENT
Series statement National Cooperative Highway Research Program report ; 149
500 ## - GENERAL NOTE
General note "Presents the results of the second phase of NCHRP project 12-8, conducted at the Texas Transportation Institute."
526 ## - STUDY PROGRAM INFORMATION NOTE
Program name 0
Interest level 0
Reading level 0
Title point value 624_250000000000000_D
650 #0 - SUBJECT ADDED ENTRY--TOPICAL TERM
Topical term or geographic name entry element Bridge railings
General subdivision Design and construction.
9 (RLIN) 43383
650 #0 - SUBJECT ADDED ENTRY--TOPICAL TERM
Topical term or geographic name entry element MCE
9 (RLIN) 379
700 1# - ADDED ENTRY--PERSONAL NAME
Personal name Olson, Robert M.
9 (RLIN) 43384
710 2# - ADDED ENTRY--CORPORATE NAME
Corporate name or jurisdiction name as entry element Texas Transportation Institute.
9 (RLIN) 20810
942 ## - ADDED ENTRY ELEMENTS (KOHA)
Source of classification or shelving scheme
Koha item type Book
Holdings
Withdrawn status Lost status Source of classification or shelving scheme Damaged status Not for loan Permanent Location Current Location Date acquired Total Checkouts Full call number Barcode Date last seen Price effective from Koha item type
          Military College of Engineering (MCE) Military College of Engineering (MCE) 07/04/2014   624.25 D MCE-42083 07/04/2014 07/04/2014 Book
© 2023 Central Library, National University of Sciences and Technology. All Rights Reserved.